El hombre y la economía / (Registro nro. 5288)

Detalles MARC
000 -LEADER
fixed length control field 00826nam a2200241Ia 4500
003 - CONTROL NUMBER IDENTIFIER
control field OSt
005 - DATE AND TIME OF LATEST TRANSACTION
control field 20200521152924.0
008 - FIXED-LENGTH DATA ELEMENTS--GENERAL INFORMATION
fixed length control field 191128t1968 ag fr 000 0 spa d
040 ## - CATALOGING SOURCE
Original cataloging agency CO-JMCR
Transcribing agency CO-JMCR
041 1# - LANGUAGE CODE
Language code of text/sound track or separate title spa
Language code of original eng
082 04 - DEWEY DECIMAL CLASSIFICATION NUMBER
Classification number 330 /
Item number M965h
Edition number 23
100 1# - MAIN ENTRY--PERSONAL NAME
Personal name Mundell, Robert A.,
Relator term autor
9 (RLIN) 4680
245 10 - TITLE STATEMENT
Title El hombre y la economía /
Statement of responsibility, etc. Robert A. Mundell ; traducción Graciela Mellibovsky
260 ## - PUBLICATION, DISTRIBUTION, ETC.
Place of publication, distribution, etc. Buenos Aires ; México :
Name of publisher, distributor, etc. Amorrortu : Centro Regional de Ayuda Técnica,
Date of publication, distribution, etc. ©1968
300 ## - PHYSICAL DESCRIPTION
Extent 178 páginas ;
Dimensions 19 cm.
505 0# - FORMATTED CONTENTS NOTE
Formatted contents note Los principios -- Los problemas -- Cursos de acción
534 ## - ORIGINAL VERSION NOTE
Introductory phrase Man and economics
546 ## - LANGUAGE NOTE
Language note Traducido del inglés
650 14 - SUBJECT ADDED ENTRY--TOPICAL TERM
Topical term or geographic name entry element Economía
9 (RLIN) 4681
650 14 - SUBJECT ADDED ENTRY--TOPICAL TERM
Topical term or geographic name entry element Economía política
9 (RLIN) 1838
700 1# - ADDED ENTRY--PERSONAL NAME
Personal name Mellibovsky, Graciela,
Relator term traductora
9 (RLIN) 4682
942 ## - ADDED ENTRY ELEMENTS (KOHA)
Source of classification or shelving scheme Dewey Decimal Classification
Koha item type Books
Existencias
Withdrawn status Lost status Source of classification or shelving scheme Damaged status Not for loan Collection code Home library Current library Date acquired Source of acquisition Cost, normal purchase price Total Checkouts Total Renewals Full call number Barcode Date last seen Date last checked out Copy number Koha item type
    Dewey Decimal Classification     Non-fiction Biblioteca Pública José María del Castillo y Rada Biblioteca Pública José María del Castillo y Rada 04/15/2018 Donación 0.00 2 3 330 / M965h 430001667 12/03/2025 11/10/2025 Ej.1 Books